Manual de incunables : historia de la imprenta hasta el siglo xviii /
Guardado en:
| Autor Principal: | |
|---|---|
| Formato: | Libro |
| Publicado: |
Buenos Aires :
Historia del Libro,
1972
|
| Materias: | |
| Etiquetas: |
Agregar Etiqueta
Sin Etiquetas, Sea el primero en etiquetar este registro!
|
| LEADER | 01204nam a22002055a 4500 | ||
|---|---|---|---|
| 001 | CEM.cems006041 | ||
| 005 | 20060214000000.0 | ||
| 008 | 130507s1972##################000#0#####d | ||
| 003 | CEMS | ||
| 082 | 0 | 4 | |a 655.1 |
| 100 | 1 | |a Sosa, Guillermo S | |
| 245 | 1 | 0 | |a Manual de incunables : |b historia de la imprenta hasta el siglo xviii / |
| 260 | |a Buenos Aires : |b Historia del Libro, |c 1972 | ||
| 300 | |a 418 p. | ||
| 505 | 0 | |a El ente y su zona econ¢mica:la hacienda.-El patrimonio, elemento material de la hacienda.-El capital en las empresas.-El organismo administrativo. -Las funciónes de administraci¢n econ¢mica.-La contabilidad en la esfera de la administraci¢n econ¢mica.-Inventarios.-La valuaci¢n en los inventarios.-Presupuestos.-El constre¤imiento de la gesti¢n administrativa. -La registraci¢n en contabilidad.-M'todos de registraci¢n.-La partida doble.-Las diversas formas de la partida doble.-Rendiciónes de cuentas y balances.-La forma oficial de balance y cuadro de ganancias y perdidas de las sociedades an¢nimas | |
| 653 | |a Arte tipografico | ||
| 653 | |a Bibliologia | ||
| 653 | |a Imprenta-historia | ||
| 653 | |a Incunables | ||
| 859 | |a CEMS |b BIB. CEMS - 11 de abril |h 655.1 |i So71 |p 15385.89 |t Ej.1 | ||
